Văn minh nhân loại những bước ngoặt lịch sử /
Zapisane w:
| Format: | Sách giấy |
|---|---|
| Język: | Vietnamese |
| Wydane: |
H. :
Văn hoá - thông tin,
2002
|
| Etykiety: |
Dodaj etykietę
Nie ma etykietki, Dołącz pierwszą etykiete!
|
| Thư viện lưu trữ: | Thư viện Trường Đại học Đà Lạt |
|---|
| LEADER | 00631nam a2200265 4500 | ||
|---|---|---|---|
| 001 | DLU030023780 | ||
| 003 | ##DLU | ||
| 005 | ##20021230 | ||
| 008 | ##021230t vn z000 vie d | ||
| 040 | # | # | |a DLU |b vie |
| 041 | # | # | |a vie |
| 044 | # | # | |a vn |
| 082 | # | # | |a 904.7 |b Van |
| 245 | # | # | |a Văn minh nhân loại những bước ngoặt lịch sử / |
| 260 | # | # | |a H. : |b Văn hoá - thông tin, |c 2002 |
| 300 | # | # | |a 452 tr. ; |c 28 cm |
| 992 | # | # | |a 129000 |
| 994 | # | # | |a DLU |
| 900 | # | # | |a True |
| 911 | # | # | |a Phan Ngọc Đông |
| 925 | # | # | |a G |
| 926 | # | # | |a A |
| 927 | # | # | |a SH |
| 980 | # | # | |a Thư viện Trường Đại học Đà Lạt |